00465nam a2200181Ia 4500003000400000005001700004008004100021020001800062040000600080041001200086082002200098100003400120245006100154250001200215260003400227300001300261440000900274OSt20240926133622.0240126s9999 xx 000 0 und d a9789389991192 c0 aEnglish a346.03 SIN;13 R aSingh, Avtar. Kaur, Harpreet. 0aIntroduction to the law of torts and consumer protection a4rd ed. bEastern Book CompanyaLucknow alxx, 366 aNULL